Inflexibilidad descendente de los precios monetarios (Registro nro. 16445)
[ vista simple ]
| 000 -LEADER | |
|---|---|
| fixed length control field | 00347 a2200109 4500 |
| 001 - CONTROL NUMBER | |
| control field | ART_3498 |
| 005 - DATE AND TIME OF LATEST TRANSACTION | |
| control field | 20260410161715.0 |
| 008 - FIXED-LENGTH DATA ELEMENTS--GENERAL INFORMATION | |
| fixed length control field | 260409a |
| 100 1# - MAIN ENTRY--PERSONAL NAME | |
| Personal name | Olivera, Julio H.G. |
| 245 10 - TITLE STATEMENT | |
| Title | Inflexibilidad descendente de los precios monetarios |
| 773 0# - HOST ITEM ENTRY | |
| Title | Desarrollo económico |
| Related parts | - Vol. 25, Nº 100 (ene./mar. 1986) |
| Record control number | REV1174 |
No hay ítems disponibles.